| 000 | 00376nam a22001337a 4500 | ||
|---|---|---|---|
| 020 | _a070272905 | ||
| 040 | _cNust | ||
| 082 |
_a516.6 _bHAW'T |
||
| 100 |
_aMinor Clyde Hawk _9127071 |
||
| 245 | _aTheory and problems of descriptive geometry | ||
| 260 |
_aNew York: _bMcGraw -Hill, _c1962. |
||
| 650 |
_aTheory and problems of descriptive geometry _9127072 |
||
| 942 |
_2ddc _cBK |
||
| 999 |
_c612392 _d612392 |
||